Văn hóa Xinh - Mun

Nội dung sáchgiới thiệu môi trường tự nhiên và xã hội vùng người Xinh - Mun sinh sống. Khái quát về văn hóa Xinh - Mun. Những ảnh hưởng văn hóa Thái ở người Xinh - Mun.

সংরক্ষণ করুন:
গ্রন্থ-পঞ্জীর বিবরন
প্রধান লেখক: Trần, Bình
বিন্যাস: গ্রন্থ
ভাষা:Undetermined
প্রকাশিত: Hà Nội Đại học Quốc gia Hà Nội 2010
বিষয়গুলি:
ট্যাগগুলো: ট্যাগ যুক্ত করুন
কোনো ট্যাগ নেই, প্রথমজন হিসাবে ট্যাগ করুন!
Thư viện lưu trữ: Trung tâm Học liệu Trường Đại học Cần Thơ
LEADER 00890nam a2200205Ia 4500
001 CTU_164050
008 210402s9999 xx 000 0 und d
082 |a 306.09597 
082 |b B312 
100 |a Trần, Bình 
245 0 |a Văn hóa Xinh - Mun 
245 0 |c Trần Bình 
260 |a Hà Nội 
260 |b Đại học Quốc gia Hà Nội 
260 |c 2010 
520 |a Nội dung sáchgiới thiệu môi trường tự nhiên và xã hội vùng người Xinh - Mun sinh sống. Khái quát về văn hóa Xinh - Mun. Những ảnh hưởng văn hóa Thái ở người Xinh - Mun. 
650 |a Culture,Văn hóa 
650 |z Vietnam,Việt Nam 
904 |i HPTVi,Qhieu (Tuyến sửa số pl 306.597 thành 306.09597, chưa in nhãn) 
980 |a Trung tâm Học liệu Trường Đại học Cần Thơ